|
|
|
|
| LEADER |
01627nam a2200421 a 4500 |
| 001 |
EBC459531 |
| 003 |
MiAaPQ |
| 005 |
20200520144314.0 |
| 006 |
m o d | |
| 007 |
cr cn||||||||| |
| 008 |
061127s2007 dcua sb i001 0 eng |
| 010 |
|
|
|z 2006039472
|
| 020 |
|
|
|z 9780821368589
|
| 020 |
|
|
|z 0821368583
|
| 020 |
|
|
|a 0821368591 (electronic bk.)
|
| 020 |
|
|
|a 9780821368596 (electronic bk.)
|
| 035 |
|
|
|a (MiAaPQ)EBC459531
|
| 035 |
|
|
|a (Au-PeEL)EBL459531
|
| 035 |
|
|
|a (CaPaEBR)ebr10170952
|
| 035 |
|
|
|a (CaONFJC)MIL81939
|
| 035 |
|
|
|a (OCoLC)821697725
|
| 040 |
|
|
|a MiAaPQ
|c MiAaPQ
|d MiAaPQ
|
| 050 |
|
4 |
|a HC79.C3
|b I77 2007
|
| 082 |
0 |
4 |
|a 363.6068/1
|2 22
|
| 100 |
1 |
|
|a Irwin, Timothy.
|
| 245 |
1 |
0 |
|a Government guarantees
|h [electronic resource] :
|b allocating and valuing risk in privately financed infrastructure projects /
|c Timothy C. Irwin.
|
| 260 |
|
|
|a Washington, D.C. :
|b World Bank,
|c c2007.
|
| 300 |
|
|
|a xi, 213 p. :
|b ill.
|
| 490 |
1 |
|
|a Directions in development. Infrastructure
|
| 504 |
|
|
|a Includes bibliographical references (p. 187-203) and index.
|
| 533 |
|
|
|a Electronic reproduction. Ann Arbor, MI : ProQuest, 2015. Available via World Wide Web. Access may be limited to ProQuest affiliated libraries.
|
| 650 |
|
0 |
|a Infrastructure (Economics)
|x Management.
|
| 650 |
|
0 |
|a Risk management.
|
| 650 |
|
0 |
|a Public-private sector cooperation.
|
| 655 |
|
4 |
|a Electronic books.
|
| 710 |
2 |
|
|a ProQuest (Firm)
|
| 830 |
|
0 |
|a Directions in development (Washington, D.C.).
|p Infrastructure.
|
| 856 |
4 |
0 |
|u https://ebookcentral.proquest.com/lib/matrademy/detail.action?docID=459531
|z Click to View
|